000 00342 a2200109 4500
001 ART_37988
005 20260410161751.0
008 260409a
245 1 0 _aLos delitos de omisión y evasión frente a la nueva moratoria
100 1 _aSequeira, Marcos A.
773 0 _tDoctrina tributaria
_g- Nº 422 (mayo 2015)
_wREV4296
999 _c19679
_d19679